LDR 00723naa#a2200169#i#450# 001 RU\\bibl\120263 005 20260417002432.5 011 ## _a1819-4036 100 ## _a20210331b2021####ek#y0rusy0150####ca 102 ## _aRU 200 1# _aACTINIDIA KOLOMIKTA (MAXIM.) MAXIM. – ПЕРСПЕКТИВНАЯ КУЛЬТУРА ДЛЯ ЮЖНОГО УРАЛА _eЖурнальная статья 210 1# _aКрасноярск _cКрасноярский государственный аграрный университет _d2021 215 ## _a4 с. 608 ## _aЖурнальная статья _2local 675 ## _aСистематика растений. 582 _z 700 #1 _aБилалова _gРоза Альтафовна 856 4# _avestnik.kgau.ru _u